Plant book (Registro nro. 1753)

Detalles MARC
000 -CABECERA
Campo de control 00508nam a2200181 a 4500
090 ## - CLASIFICACIÓN LOCAL
Colección RE
Consecutivo 00014
041 ## - IDIOMA
Código de idioma para texto/pista de sonido o título separado Inglés
100 ## - ASIENTO PRINCIPAL--NOMBRE PERSONAL
Nombre personal Mabberley, D. J.
245 ## - MENCION DE TITULO
Título Plant book
Parte restante del título a portable dictionary of the vascular plants
250 ## - MENCION DE EDICION
Mención de edición 2 ed.
260 ## - PUBLICACION, DISTRIBUCION, ETC. (PIE DE IMPRENTA)
Lugar de publicación, distribución, etc. Cambridge
Nombre del editor, distribuidor, etc. Cambridge University Press
Fecha de publicación, distribución, etc. 1997
300 ## - DESCRIPCION FISICA
Extensión 858 p.
650 ## - ASIENTO SECUNDARIO DE MATERIA - TERMINO TEMATICO
Término temático o nombre geográfico como elemento de entrada Taxonomía vegetal
650 ## - ASIENTO SECUNDARIO DE MATERIA - TERMINO TEMATICO
Término temático o nombre geográfico como elemento de entrada Nombres científicos
650 ## - ASIENTO SECUNDARIO DE MATERIA - TERMINO TEMATICO
Término temático o nombre geográfico como elemento de entrada Diccionarios
650 ## - ASIENTO SECUNDARIO DE MATERIA - TERMINO TEMATICO
Término temático o nombre geográfico como elemento de entrada Plantas vasculares
942 ## - ELEMENTOS ADICIONALES (KOHA)
Tipo de ítem
Koha issues (borrowed), all copies 3
Existencias
Withdrawn status Lost status Sistema de Clasificación Damaged status No para préstamo Colección Inventariado Ubicación Permanente Ubicación actual Fecha de adquisición Fuente de Valor Valor Total Checkouts Total Renewals Número topográfico Inventario / Código de Barras Date last seen Date checked out Ejemplar Price effective from Tipo de material
    Local     Referencia Inventariado 2017 Bogotá Bogotá 15/01/1998 Instituto 39000.00 4 2 RE-00014 003784 12/11/2014 10/01/2014 Ej.1 04/12/2012 Libro